000 00294nam a2200085Ia 4500
245 0 _aAfrica rising : how 900 million African consumers offer more than you think
100 _a MAHAJAN, Vijay Upper Saddle River, NJ, 2009
_979116
942 _cBK
008 210817s9999 xx 000 0 und d
999 _c274886
_d274885